Catalog

Record Details

Catalog Search



Židovi u Hrvatskoj - židovske zajednice = Jews in Croatia - Jewish communities  Cover Image Book Book

Židovi u Hrvatskoj - židovske zajednice = Jews in Croatia - Jewish communities / Melita Švob ; suautor Zoran Mirković u poglavlju Židovska općina Zagreb ; prijevod Sonia Bičanić

Record details

  • ISBN: 953-203-181-2
  • Physical Description: 2 svazky : ilustrace ; 24 cm
  • Edition: Drugo dopunjeno izdanje
  • Publisher: Zagreb : Izvori : 2004

Content descriptions

Bibliography, etc. Note:
Obsahuje bibliografii
Formatted Contents Note:
I. knjiga. 540 stran -- II. knjiga. 644 stran
Language Note:
Chorvatský a anglický text
Subject: Židé > Chorvatsko > 19.-20. století
Židé > Chorvatsko > 1939-1945
židovské instituce a organizace > Chorvatsko > 20. století
Genre: monografie

Available copies

  • 1 of 1 copy available at Common Catalog SPOK.

Holds

  • 0 current holds with 1 total copy.
Show Only Available Copies
Location Call Number / Copy Notes Barcode Shelving Location Status Due Date
Terezin Initiative Institute 5213 4594305213 Knihovna ITI Available -

LDR 01888nam a2200481 ia4500
00150411
003CZ-PrJAB
00520220728134442.0
007ta
008201126s2004 ci a f 000 0 hrv
020 . ‡a953-203-181-2 ‡q(vázáno)
035 . ‡a(CZ PrSKC)slk20200630507
040 . ‡aABA004 ‡bcze ‡erda
0410 . ‡ahrv ‡aeng
043 . ‡ae-ci---
045 . ‡aw-x-
072 7. ‡a323 ‡xVnitropolitický vývoj, politický život ‡2Konspekt ‡915
080 . ‡a26-736-784 ‡2MRF
080 . ‡a(=411.16) ‡2MRF
080 . ‡a(497.5) ‡2MRF
080 . ‡a(048.8) ‡2MRF
1001 . ‡aŠvob, Melita, ‡d1931- ‡7jo2007362293 ‡4aut
24510. ‡aŽidovi u Hrvatskoj - židovske zajednice = ‡bJews in Croatia - Jewish communities / ‡cMelita Švob ; suautor Zoran Mirković u poglavlju Židovska općina Zagreb ; prijevod Sonia Bičanić
24631. ‡aJews in Croatia - Jewish communities
250 . ‡aDrugo dopunjeno izdanje
264 1. ‡aZagreb : ‡bIzvori : ‡bŽidovska općina : ‡bIstraživački i dokumentacijski centar "Cendo" : ‡bK. D. Miroslav Šalom Freiberger, ‡c2004
300 . ‡a2 svazky : ‡bilustrace ; ‡c24 cm
336 . ‡atext ‡btxt ‡2rdacontent
337 . ‡abez média ‡bn ‡2rdamedia
338 . ‡asvazek ‡bnc ‡2rdacarrier
504 . ‡aObsahuje bibliografii
5050 . ‡aI. knjiga. 540 stran -- II. knjiga. 644 stran
546 . ‡aChorvatský a anglický text
648 7. ‡a19.-20. století ‡7ch757015 ‡2czenas
648 7. ‡a20. století ‡7ch460558 ‡2czenas
648 7. ‡a1939-1945 ‡7ch460653 ‡2czenas
65007. ‡aŽidé ‡7ph127782 ‡zChorvatsko ‡y19.-20. století ‡2czenas
65007. ‡aŽidé ‡7ph127782 ‡zChorvatsko ‡y1939-1945 ‡2czenas
65007. ‡ažidovské instituce a organizace ‡7ph717633 ‡zChorvatsko ‡y20. století ‡2czenas
655 7. ‡amonografie ‡7fd132842 ‡2czenas
7001 . ‡aMirković, Zoran, ‡d1947- ‡4aut
910 . ‡aABE340 ‡b5213
995 . ‡aska
901 . ‡a50411 ‡bAUTOGEN ‡c50411 ‡tbiblio

Additional Resources